000 01751nam a2200445 4500
003 CO-CtgCURN
005 20260316205059.0
007 ta
008 160627s2007 000 0 eng d
020 _a9789687988894
040 _aCO-CtgCURN
_bspa
_ccoctgcurn
082 0 _a611.9
_bM821
100 1 _aMoore, Keith L.
245 1 0 _aAnatomía con orientacion clinica /
_cKeith L. Moore, Arthur F. Dalley ; con la colaboración especial de Lisa S. Donohoe, Marion E. Moore ; traductor, Ignacio Navasces Benlloch.
250 _a5a ed.
260 _aMéxico :
_bMedica Panamericana,
_c2007.
300 _axxxii, 1205 p.: il., lamns., retrs. :
_bil., laminas, retrs.
336 _2rdacontent
337 _2rdamedia
_asin mediacion
_bn
338 _2rdacarrier
_avolumen
_bnc
500 _aIncluye indice.
504 _aIncluye bibliografía al final de cada capítulo.
505 8 _aTorax -- Abdomen -- Pelvis y perin -- Espalda -- Miembro inferior -- Miembro superior -- Cabeza -- Cuello -- Resumen de los nervios craneales
590 _aIntroducción a la odontología (odontología)
590 _aBiomédicas I (Medicina)
590 _aBioquímica (Odontología)
590 _aBiomédicas II (Medicina)
590 _aAnatomía (Odontología)
650 1 4 _aAnatomía topográfica y funcional.
650 1 4 _aAnatomía clínica.
650 1 4 _aNeuroanatomía.
650 1 4 _aAnatomía humana.
700 1 _aDalley, Arthur F.
700 1 _aAgur, Anne M.R,
_cColaborador.
700 1 _aMoore, Marion E,
_cColaborador.
908 _a160627
942 _cBK
_h611.9
_iM821 2002
_2ddc
999 _c1800
_d1800